000 00401nam a22001697a 4500
003 MPLRDC
005 20220104123919.0
008 210129b ||||| |||| 00| 0 eng d
082 _a831.4 LDD
100 _a刘大澄述注
245 _a唐诗三百首欣赏
_c
250 _a再版
260 _a
_b文化图书公司
_c1964
300 _b
650 _a唐诗总集
942 _cBK
_o831.4 LDD
999 _c15188
_d15178